[Event "SVK-chT2A 2223"]
[Site "Slovakia"]
[Date "2023.03.26"]
[Round "11.5"]
[White "Capanda, Jan"]
[Black "Halasz, Adam"]
[Result "1-0"]
[WhiteElo "1885"]
[BlackElo "1760"]
[PlyCount "111"]
[EventDate "2022.10.08"]
[EventType "team-tourn"]
[EventRounds "11"]
[EventCountry "SVK"]
[SourceTitle "EXT 2024"]
[Source "ChessBase"]
[SourceDate "2023.10.10"]
[SourceVersion "1"]
[SourceVersionDate "2023.10.10"]
[SourceQuality "1"]
[WhiteTeam "Modranka Komplet"]
[BlackTeam "Senec"]
[WhiteTeamCountry "SVK"]
[BlackTeamCountry "SVK"]

1. e4 e5 2. Nf3 Nf6 3. Nc3 Nc6 4. Bb5 d6 5. h3 Be7 6. 0-0 Bd7 7. d3 0-0 8. Nh2 Nd4 9. Bc4 c6 10. f4 Be6 11. fxe5 dxe5 12. Bxe6 Nxe6 13. Nf3 Nh5 14. Be3 Bc5 15. Bf2 Ng3 16. Bxc5 Nxc5 17. Rf2 Qb6 18. Rb1 Rad8 19. Qe1 f5 20. Nxe5 fxe4 21. Nc4 Qc7 22. dxe4 Rxf2 23. Qxf2 Ncxe4 24. Nxe4 Nxe4 25. Qxa7 Qf7 26. Ne5 Qf4 27. Nd3 Qd2 28. Qa4 Qe3+ 29. Kh2 Qg3+ 30. Kh1 Nf2+ 31. Nxf2 Qxf2 32. Qc4+ Qf7 33. Qxf7+ Kxf7 34. Kg1 Rd2 35. Rf1+ Ke6 36. Rf2 Rd1+ 37. Kh2 Ra1 38. a3 Ra2 39. c3 Kd5 40. Kg3 Kc4 41. Rf4+ Kd3 42. Rd4+ Kc2 43. Rd7 Rxb2 44. Rxg7 Kxc3 45. Rxh7 c5 46. Rf7 c4 47. h4 Rb3 48. h5 Kb2+ 49. Kg4 c3 50. h6 c2 51. h7 c1Q 52. h8Q+ Kxa3 53. Qa8+ Kb4 54. Rxb7+ Kc3 55. Qc8+ Kb2 56. Qxc1+ 1-0

[Event "SVK-chT2A 1718"]
[Site "Slovakia"]
[Date "2018.03.18"]
[Round "11.7"]
[White "Halasz, Adam"]
[Black "Szitkey, Milan"]
[Result "1/2-1/2"]
[WhiteElo "1735"]
[BlackElo "2077"]
[PlyCount "97"]
[EventDate "2017.10.28"]
[EventType "team-tourn"]
[EventRounds "11"]
[EventCountry "SVK"]
[SourceTitle "EXT 2020"]
[Source "ChessBase"]
[SourceDate "2019.10.17"]
[SourceVersion "1"]
[SourceVersionDate "2019.10.17"]
[SourceQuality "1"]
[WhiteTeam "Senec"]
[BlackTeam "Trnava Lokomotiva II"]
[WhiteTeamCountry "SVK"]
[BlackTeamCountry "SVK"]

1. e4 e6 2. d4 d5 3. exd5 exd5 4. Nf3 Nf6 5. Bd3 c5 6. Qe2+ Be7 7. dxc5 0-0 8. 0-0 Bxc5 9. Bg5 Nc6 10. Nc3 Be6 11. Rad1 Re8 12. Rfe1 Be7 13. Nb5 Bg4 14. h3 Bd7 15. c3 h6 16. Bf4 Bc5 17. Qc2 Rxe1+ 18. Rxe1 a6 19. Nbd4 Rc8 20. Nf5 Be6 21. g4 Bf8 22. g5 Nb4 23. Qd2 Nxd3 24. Qxd3 Ne4 25. Ng3 hxg5 26. Nxe4 dxe4 27. Qxd8 Rxd8 28. Nxg5 Bxa2 29. Nxe4 f6 30. Kh2 Kf7 31. Kg3 Be6 32. Be3 Bd5 33. Rd1 Be7 34. Nc5 Bd6+ 35. f4 Bc6 36. Nd3 g5 37. Rd2 Be4 38. Kf2 Bc7 39. Ke2 Bxd3+ 40. Rxd3 Rxd3 41. Kxd3 gxf4 42. Bf2 Ke6 43. Ke4 b5 44. Be1 a5 45. Bd2 f5+ 46. Kf3 a4 47. Bxf4 Bd8 48. Ke3 Kd5 49. Kd3 1/2-1/2

[Event "Bratislava Doprastav op"]
[Site "Bratislava"]
[Date "2010.07.03"]
[Round "3"]
[White "Sucikova, Svetlana"]
[Black "Halasz, Adam"]
[Result "1-0"]
[WhiteElo "1669"]
[BlackElo "1556"]
[PlyCount "121"]
[EventDate "2010.07.02"]
[EventType "swiss"]
[EventRounds "9"]
[EventCountry "SVK"]
[SourceTitle "EXT 2012"]
[Source "ChessBase"]
[SourceDate "2011.11.24"]
[SourceVersion "1"]
[SourceVersionDate "2011.11.24"]
[SourceQuality "1"]

1. e4 e5 2. Nf3 Nc6 3. Bc4 Be7 4. Nc3 Nf6 5. d3 0-0 6. 0-0 d6 7. Be3 Na5 8. Bb3 Nxb3 9. axb3 Bg4 10. Qe2 d5 11. exd5 Nxd5 12. Bd2 Nb4 13. Rac1 Nc6 14. Qe4 Bxf3 15. Qxf3 Bg5 16. Be3 Bxe3 17. fxe3 Qd6 18. Ne4 Qe7 19. Qg4 g6 20. Nf6+ Kg7 21. Qg5 Rad8 22. Rf3 Rd6 23. Rh3 h5 24. Nxh5+ Kg8 25. Qxe7 Nxe7 26. Ng3 Kg7 27. Rf1 Rf6 28. Ra1 Ra6 29. Rxa6 bxa6 30. Rh4 Nd5 31. Rc4 Rc8 32. Kf2 Rb8 33. e4 Nf6 34. Rxc7 Ng4+ 35. Kg1 Ne3 36. Nf1 Nd1 37. h3 Rb5 38. g3 Ra5 39. Kg2 Ra2 40. Rxa7 Rxb2 41. Rc7 Rb1 42. Kf3 Nb2 43. Ke2 a5 44. Rc5 a4 45. bxa4 Nxa4 46. Rxe5 Nc3+ 47. Kd2 Na2 48. Ra5 Nb4 49. Rb5 Rxf1 50. Rxb4 Rf3 51. g4 Rxh3 52. Rd4 Rh2+ 53. Kc3 Rg2 54. e5 Re2 55. Re4 Rxe4 56. dxe4 Kf8 57. Kd4 Ke7 58. Kd5 g5 59. c4 Kd7 60. c5 Kc7 61. c6 1-0